Normal view
MARC view
- Anees Akbar
Entry Personal Name
001 - CONTROL NUMBER
- control field: 72820
003 - CONTROL NUMBER IDENTIFIER
- control field: NUST
005 - DATE AND TIME OF LATEST TRANSACTION
- control field: 20210628204919.0
008 - FIXED-LENGTH DATA ELEMENTS
- fixed length control field: 210628|| aca||aabn | a|a d
040 ## - CATALOGING SOURCE
- Original cataloging agency: NUST
- Transcribing agency: NUST
100 ## - HEADING--PERSONAL NAME
- Personal name: Anees Akbar
670 ## - SOURCE DATA FOUND
- Source citation: Work cat.: (NUST): Anees Akbar , TH-SOF-0777-IDENTIFICATION OF KEY EXTRINSIC MOTIVATIONAL FACTORS, 2001
